000 00557nam a22001937a 4500
005 20260323114958.0
008 260323b |||||||| |||| 00| 0 eng d
037 _cDSWL
040 _aDSWL
_cDSWL
041 _heng
100 _aDavala, Sarath
_91137568
245 _aBasic Income: A Transformative Policy for India
260 _aNew Delhi,
_b Bloomsbury,
_c2015
300 _a234p
365 _aGBP
_b19.99
700 _aRenana Jhabvala
_91137569
942 _2CC
_cTEXL
_n0
999 _c1726374
_d1726374